Modelo de gestión para el mejoramiento del uso energético en hogares urbanos : Caso estudio: Villa España comuna de San Vicente de Tagua Tagua, VI Región

El trabajo que se presenta a continuación corresponde a una tesis desarrollada para cumplir con los requisitos de titulación en la carrera de Ingeniería de Ejecución en Gestión Ambiental por la Universidad Academia de Humanismo Cristiano. Las autoras desarrollan u...

Full description

Bibliographic Details
Main Author: Román Núñez, Carolina
Other Authors: Orellana Rozas, Karina, Salazar Harvey, Oriana (profesora guía)
Format: Tesis
Language:Spanish
Published: Santiago, Chile Universidad Academia de Humanismo Cristiano 2009
Subjects:

MARC

LEADER 00000nmm a22000007a 4500
001 043846
003 UAHC_CL
005 20221226143535.0
008 091119s2009 cl o d 000 spa
040 |a UAHC_CL  |c UAHC_CL  |d UAHC_CL 
100 1 |a Román Núñez, Carolina 
245 1 0 |a Modelo de gestión para el mejoramiento del uso energético en hogares urbanos :  |b Caso estudio: Villa España comuna de San Vicente de Tagua Tagua, VI Región   |c Carolina Román Núñez, Karina Orellana Rozas ; profesora guía Oriana Salazar Harvey. 
260 |b Universidad Academia de Humanismo Cristiano  |c 2009  |a Santiago, Chile 
300 |a 127 páginas. 
500 |a Tesis para optar al título de Ingeniero de Ejecución en Gestión Ambiental. 
502 |a Tesis (Ingeniería de Ejecución en Gestión Ambiental) -- Universidad Academia de Humanismo Cristiano, 2009. 
516 |a Tesis electrónica (PDF). Solicitar envío de documento a biblioteca@academia.cl 
520 |a El trabajo que se presenta a continuación corresponde a una tesis desarrollada para cumplir con los requisitos de titulación en la carrera de Ingeniería de Ejecución en Gestión Ambiental por la Universidad Academia de Humanismo Cristiano. Las autoras desarrollan un modelo de gestión para mejorar el consumo energético en hogares urbanos centrados en la región de O ́Higgins, específicamente en una localidad llamada Villa España, en la comuna de San Vicente de Tagua Tagua, localidad elegida por la variedad de clases sociales que posee, el desarrollo de su ordenamiento territorial y la forma como se conformó como sector en la comuna.  
650 0 |a  Energía  |9 7475  |x Aspectos económicos  |z Chile 
700 1 |a Orellana Rozas, Karina 
700 1 |a Salazar Harvey, Oriana  |e profesora guía 
900 |a TIEGA 65 
942 |c TS  |2 ddc 
952 |0 0  |1 0  |4 0  |6 TIEGA_65_000000000000000  |7 0  |8 COMP  |9 81452  |a BC  |b BC  |c Digital  |d 2017-08-03  |o TIEGA 65  |r 2019-01-08 00:00:00  |w 2017-08-03  |y TS  |z Documento en PDF  |B IEGA 
999 |c 43846  |d 43846